[Event "ch-Asian Individual w"]
[Site "Mashhad IRI"]
[Date "2011.05.05"]
[Round "4.9"]
[White "Hoang, Thi Bao Tram"]
[Black "Hakimifard, Ghazal"]
[Result "1-0"]
[WhiteTitle "WGM"]
[BlackTitle "WFM"]
[WhiteElo "2311"]
[BlackElo "2215"]
[WhiteFideId "12401102"]
[BlackFideId "12506540"]
[EventDate "2011.05.02"]

1. d4 d5 2. Nf3 Nf6 3. c4 dxc4 4. Nc3 a6 5. a4 Nc6 6. Bg5 h6 7. Bh4 Bf5 8. h3 g5
9. g4 Be4 10. Nxe4 Nxe4 11. Bg3 Nxg3 12. fxg3 Bg7 13. e3 Qd6 14. Kf2 Na5 15. Qc2
Qb4 16. Be2 e6 17. Rhd1 O-O-O 18. Rac1 c6 19. Bxc4 Nxc4 20. Qxc4 Qxc4 21. Rxc4
Bf6 22. b4 Kb8 23. Rb1 Rc8 24. Rc2 h5 25. Kg2 Kc7 26. b5 axb5 27. axb5 hxg4 28.
hxg4 Ra8 29. Nd2 Be7 30. Nc4 f6 31. Kf3 Ra4 32. bxc6 bxc6 33. Nd2 Ra6 34. Rcb2
Ra7 35. Nc4 Bd6 36. Kg2 Rh7 37. Rb8 Ra2+ 38. Kf3 Ra7 39. Re8 Kd7 40. Rg8 Bc7 41.
Nd2 Ke7 42. Ne4 e5 43. Rd1 exd4 44. Rxd4 Bb6 45. Rb4 Bc7 46. Rc4 Ra6 47. Rc8 Be5
48. R8xc6 Rxc6 49. Rxc6 Rh2 50. Nf2 Rh8 51. Ra6 Rd8 52. Ne4 Rd7 53. Ra5 Bb2 54.
Rb5 Ba1 55. Nc5 Rc7 56. Ne4 Rd7 57. Ra5 Bb2 58. Nc5 Rc7 59. Nd3 Bc3 60. Ra3 Ke6
61. Ra6+ Kf7 62. Ke4 Re7+ 63. Kf3 Rc7 64. Rb6 Rd7 65. Nc5 Re7 66. Nb7 Be5 67.
Nd8+ Kg6 68. Ne6 Kf7 69. Nd4 Rd7 70. Nf5 Bc3 71. Rb8 Be5 72. Rh8 Ke6 73. Ra8 Kf7
74. Ke4 Rb7 75. Rd8 Ra7 76. Rh8 Ke6 77. Rg8 Ra4+ 78. Kf3 Ra7 79. Nh6 Rh7 80. Nf5
Ra7 81. Rh8 Rc7 82. Ke4 Rc4+ 83. Nd4+ Ke7 84. Kd5 Ra4 85. Nc6+ Kf7 86. Nxe5+
fxe5 87. e4 Ra5+ 88. Kd6 Kf6 89. Rf8+ Kg6 90. Rf3 Kg7 91. Ke6 Kg6 92. Rf6+ Kg7
93. Kf5 Ra3 94. Re6 Rxg3 95. Kxg5 Rf3 96. Rxe5 Rf7 97. Rd5 Re7 98. e5 Kf7 99.
e6+ 1-0

[Event "ch-Asian Individual w"]
[Site "Mashhad IRI"]
[Date "2011.05.05"]
[Round "4.10"]
[White "Hamrakulova, Yulduz"]
[Black "Pourkashiyan, Atousa"]
[Result "1/2-1/2"]
[WhiteTitle "WIM"]
[BlackTitle "WGM"]
[WhiteElo "2210"]
[BlackElo "2371"]
[WhiteFideId "14201151"]
[BlackFideId "12502014"]
[EventDate "2011.05.02"]

1. d4 Nf6 2. c4 e6 3. Nc3 Bb4 4. e3 O-O 5. Bd3 d5 6. Ne2 c6 7. O-O Nbd7 8. cxd5
exd5 9. f3 c5 10. a3 Ba5 11. dxc5 Nxc5 12. Bc2 Bb6 13. Nf4 Be6 14. b4 Na6 15.
Bb3 Nc7 16. Na4 Qd6 17. Re1 a5 18. Nxb6 Qxb6 19. Bd2 axb4 20. Bxb4 Rfc8 21. Qd4
Qxd4 22. exd4 g5 23. Nxe6 fxe6 24. a4 Kf7 25. h4 h6 26. Bd2 Rg8 27. hxg5 hxg5
28. g4 Nd7 29. Rac1 Na6 30. a5 Kf6 31. Ba4 Rg7 1/2-1/2

[Event "ch-Asian Individual w"]
[Site "Mashhad IRI"]
[Date "2011.05.05"]
[Round "4.11"]
[White "Nodirjanova, Nodira"]
[Black "Nguyen, Thi Thanh An"]
[Result "0-1"]
[BlackTitle "WGM"]
[WhiteElo "2171"]
[BlackElo "2349"]
[WhiteFideId "14201232"]
[BlackFideId "12400300"]
[EventDate "2011.05.02"]

1. d4 Nf6 2. c4 g6 3. Nc3 Bg7 4. e4 d6 5. Be2 O-O 6. Bg5 c5 7. d5 e6 8. Qd2 exd5
9. exd5 Qb6 10. Nf3 Bf5 11. Nh4 Ne4 12. Nxe4 Bxe4 13. f3 h6 14. Be3 Qxb2 15. Rc1
Qf6 16. g3 Bf5 17. Bxh6 Bxh6 18. Qxh6 Re8 19. Qd2 Bh3 20. Kf2 Nd7 21. Ng2 Bxg2
22. Kxg2 Re7 23. Rce1 Rae8 24. Bd1 Nb6 25. Bb3 a5 26. Rxe7 Qxe7 27. Qxa5 Qe2+
28. Kh3 Re5 29. Qc3 Rh5+ 30. Kg4 Nd7 31. h4 Qg2 32. Re1 Ne5+ 33. Rxe5 dxe5 34.
Bc2 f5+ 35. Bxf5 Rxf5 36. f4 exf4 0-1

[Event "ch-Asian Individual w"]
[Site "Mashhad IRI"]
[Date "2011.05.05"]
[Round "4.12"]
[White "Swathi, Ghate"]
[Black "Nakhbayeva, Guliskhan"]
[Result "0-1"]
[WhiteTitle "WGM"]
[BlackTitle "WIM"]
[WhiteElo "2307"]
[BlackElo "2207"]
[WhiteFideId "5003474"]
[BlackFideId "13704788"]
[EventDate "2011.05.02"]

1. e4 c6 2. d4 d5 3. e5 c5 4. c3 Nc6 5. Be2 Bf5 6. Nf3 e6 7. O-O cxd4 8. cxd4
Nge7 9. a3 Nc8 10. b4 Be7 11. Nbd2 O-O 12. Nb3 Nb6 13. b5 Nb8 14. Na5 Qc7 15.
Be3 Nc4 16. Nxc4 dxc4 17. Rc1 Bxa3 18. Rxc4 Qd8 19. Qa1 Be7 20. Ra4 a5 21. Nd2
Nd7 22. Bf3 Bd3 23. Rc1 Bxb5 24. Ra2 Ra7 25. d5 b6 26. Qb1 Ba6 27. d6 Bg5 28.
Bd4 Bf4 29. Re1 Bxh2+ 30. Kxh2 Qh4+ 31. Kg1 Qxd4 32. Nb3 Qf4 33. Re4 Qg5 34.
Raa4 Nxe5 35. Rf4 Nxf3+ 36. Rxf3 Rd7 37. Rh3 f5 38. Rd4 e5 39. Rd2 a4 40. Rg3
Qf4 0-1

[Event "ch-Asian Individual w"]
[Site "Mashhad IRI"]
[Date "2011.05.05"]
[Round "4.13"]
[White "Soumya, Swaminathan"]
[Black "Alavi, Homa"]
[Result "1-0"]
[WhiteTitle "WGM"]
[WhiteElo "2368"]
[BlackElo "2008"]
[WhiteFideId "5016193"]
[BlackFideId "12507547"]
[EventDate "2011.05.02"]

1. e4 c5 2. Nf3 e6 3. d4 cxd4 4. Nxd4 a6 5. Nc3 Qc7 6. Bd3 Nf6 7. O-O Nc6 8.
Nxc6 dxc6 9. f4 Bc5+ 10. Kh1 h5 11. e5 Ng4 12. Ne4 Ba7 13. Qf3 Bd7 14. Bd2 Rd8
15. c4 Bd4 16. c5 b6 17. Bxa6 bxc5 18. Rab1 Rb8 19. Qd3 Qa7 20. Bc4 Ke7 21. b4
Rhd8 22. h3 Nh6 23. bxc5 Rxb1 24. Rxb1 Bc8 25. Qe2 Nf5 26. Qxh5 Bxc5 27. Be1 Rd4
28. Qe2 Bb6 29. g4 Bb7 30. Kh2 c5 31. Nc3 Rxc4 32. Qxc4 Nd4 33. Nb5 Qa6 34. Nd6
Nf3+ 35. Kg3 Qa3 36. Qb3 Qxb3 37. Rxb3 Nxe1 38. Nxb7 Ba7 39. Nd6 1-0

[Event "ch-Asian Individual w"]
[Site "Mashhad IRI"]
[Date "2011.05.05"]
[Round "4.14"]
[White "Ghaderi, Farzaneh"]
[Black "Vardkar, Mariam"]
[Result "1/2-1/2"]
[WhiteElo "1716"]
[BlackElo "1886"]
[WhiteFideId "12534510"]
[BlackFideId "12508322"]
[EventDate "2011.05.02"]

1. d4 Nf6 2. c4 e5 3. dxe5 Ng4 4. Nf3 Bc5 5. e3 Nc6 6. Be2 Ngxe5 7. Nbd2 Ng6 8.
O-O d6 9. a3 a5 10. b3 O-O 11. Ne4 Bb6 12. Bb2 Qe7 13. Ng3 Nce5 14. Nd4 f6 15.
h3 Kh8 16. Kh1 Bd7 17. Ngf5 Bxf5 18. Nxf5 Qd7 19. Qc2 Rad8 20. Rad1 Qe6 21. Nd4
Qd7 22. Nf5 Ne7 23. Nd4 Bc5 24. Qc3 N7c6 25. f4 Bxd4 26. exd4 Ng6 27. d5 Nce7
28. Qxa5 Nf5 29. Qc3 Qe7 30. Rde1 Qf7 31. Bg4 Nge7 32. Qd3 Qg6 33. Bxf5 Nxf5 34.
g4 Nh4 35. Qxg6 Nxg6 36. Re6 f5 37. g5 Rde8 38. Bc1 Rxe6 39. dxe6 Re8 40. Re1
Re7 41. Kg2 Nf8 42. Kf3 Nxe6 43. Rd1 g6 44. Bb2+ Kg8 45. Bf6 Re8 46. b4 b6 47.
h4 Nf8 48. Bc3 Kf7 49. a4 1/2-1/2

[Event "ch-Asian Individual w"]
[Site "Mashhad IRI"]
[Date "2011.05.06"]
[Round "5.1"]
[White "Huang, Qian"]
[Black "Munguntuul, Batkhuyag"]
[Result "1/2-1/2"]
[WhiteTitle "WGM"]
[BlackTitle "IM"]
[WhiteElo "2394"]
[BlackElo "2434"]
[WhiteFideId "8602689"]
[BlackFideId "4900758"]
[EventDate "2011.05.02"]

1. c4 e5 2. Nc3 d6 3. g3 f5 4. Bg2 Nf6 5. d4 exd4 6. Qxd4 Nc6 7. Qe3+ Be7 8. Nf3
O-O 9. O-O Re8 10. Rd1 Ng4 11. Qd2 Nce5 12. b3 c6 13. Bb2 Nxf3+ 14. Bxf3 Ne5 15.
Bg2 Bf8 16. Qc2 Qc7 17. e3 Qf7 18. h3 Be6 19. Ne2 Rad8 20. Nf4 Bc8 21. h4 Nd7
22. b4 Nf6 23. Bxf6 Qxf6 24. b5 Bd7 25. Qa4 d5 26. cxd5 cxb5 27. Qxa7 b6 28. d6
Bxd6 29. Qxb6 Be5 30. Qxf6 Bxf6 31. Rab1 Kf8 32. Nd5 Be5 33. Nb6 Be6 34. Rxd8
Rxd8 35. Rxb5 Rd1+ 36. Kh2 Bc3 37. Bd5 Ke7 38. Bxe6 Kxe6 39. Nc4 Rc1 40. Nb2 Rc2
41. Nd3 Rxa2 42. Kg2 Kf6 43. Rc5 Bd2 44. Kf3 g6 45. Rc6+ Kg7 46. Rc7+ Kg8 47. h5
Ra3 48. Ne5 Bc3 49. hxg6 Bxe5 50. gxh7+ Kh8 51. Rc5 Bc3 52. Rxf5 Kxh7 53. Rc5
Ba5 54. Rc2 Bc3 55. Kg4 Be1 56. e4 Ra4 57. Kf4 Kg6 58. Re2 Bc3 59. Kg4 Bf6 60.
f4 Bg7 61. Re3 Bf8 62. e5 Bg7 63. Kf3 Kf7 64. Rb3 Bf8 65. Kg4 Bb4 66. Kf5 Ke7
67. Rb1 Bd2 68. Rb7+ Ke8 69. Kf6 Ra6+ 70. e6 Bc3+ 71. Kf5 Be1 72. Rb3 Ke7 73.
Re3 Bf2 74. Rf3 Be1 75. Rb3 Bd2 76. Rb7+ Ke8 77. Rc7 Ra3 78. Kf6 Bc3+ 79. Kf5
Bd2 80. Rg7 Bc3 81. Rf7 Bd2 82. g4 Ra4 83. Ke5 Bc3+ 84. Kd6 Bb4+ 85. Kd5 Bd2 86.
f5 Rxg4 87. Rc7 Bg5 88. Rg7 Rg1 89. f6 Rd1+ 90. Ke5 Bxf6+ 91. Kxf6 Rf1+ 1/2-1/2

[Event "ch-Asian Individual w"]
[Site "Mashhad IRI"]
[Date "2011.05.06"]
[Round "5.2"]
[White "Pham, Le Thao Nguyen"]
[Black "Sabirova, Olga"]
[Result "1/2-1/2"]
[WhiteTitle "WIM"]
[BlackTitle "WIM"]
[WhiteElo "2349"]
[BlackElo "2247"]
[WhiteFideId "12401226"]
[BlackFideId "14200201"]
[EventDate "2011.05.02"]

1. Nf3 f5 2. c4 Nf6 3. g3 g6 4. Bg2 Bg7 5. O-O O-O 6. Nc3 d6 7. d4 Qe8 8. Re1 e5
9. dxe5 dxe5 10. e4 Nc6 11. Nd5 Rf7 12. Ng5 Rd7 13. exf5 gxf5 14. Qa4 h6 15.
Nxf6+ Bxf6 16. Bxc6 hxg5 17. Bg2 Qh5 18. h3 Rh7 19. Bd2 Bd7 20. Qd1 Qxd1 21.
Raxd1 e4 22. b3 Bc6 23. Be3 a5 24. Bd4 Kf7 25. Bxf6 Kxf6 26. Rd2 Re8 27. a3 Ree7
28. b4 axb4 29. axb4 b6 30. Rc2 Rd7 31. b5 Bb7 32. c5 Bd5 33. Ra1 Ke5 34. Ra6
Rh6 35. Ra7 Rhh7 36. Ra6 Bb7 37. Ra7 Bd5 38. Ra6 Rh6 39. Ra7 Rdh7 40. Bf1 f4 41.
Ra3 Be6 42. cxb6 cxb6 43. Rc6 Bd5 44. Rc8 Rh8 45. Rc1 Ra8 46. Ra6 fxg3 47. fxg3
Rf6 48. Be2 Bb7 49. Rxa8 Bxa8 50. Rf1 Rxf1+ 51. Kxf1 e3 52. h4 gxh4 53. gxh4 Kf4
54. h5 Kg5 55. Ke1 Be4 56. Kd1 1/2-1/2

[Event "ch-Asian Individual w"]
[Site "Mashhad IRI"]
[Date "2011.05.06"]
[Round "5.3"]
[White "Harika, Dronavalli"]
[Black "Muminova, Nafisa"]
[Result "1-0"]
[WhiteTitle "IM"]
[BlackTitle "WIM"]
[WhiteElo "2524"]
[BlackElo "2357"]
[WhiteFideId "5015197"]
[BlackFideId "14201526"]
[EventDate "2011.05.02"]

1. c4 e6 2. Nf3 d5 3. d4 c6 4. Nbd2 Nf6 5. e3 Nbd7 6. b3 Bd6 7. Bb2 b6 8. Bd3
Bb7 9. O-O O-O 10. Ne5 Qe7 11. Qf3 Rfd8 12. Qh3 Nf8 13. f4 N6d7 14. e4 Nxe5 15.
fxe5 Ba3 16. Bxa3 Qxa3 17. Qe3 Rd7 18. Rac1 Qb4 19. exd5 cxd5 20. c5 bxc5 21.
Rxc5 Rc8 22. Rfc1 Rdd8 23. Nf3 h6 24. R1c2 Rxc5 25. dxc5 d4 26. Qe2 Bd5 27. Qf2
Nd7 28. c6 Nc5 29. c7 Rc8 30. Bf1 Rxc7 31. Qxd4 Qa3 32. Ne1 Na6 33. Rxc7 Nxc7
34. Qc3 Qe7 35. Nd3 g6 36. a4 Kg7 37. b4 Be4 38. Nc5 Bf5 39. Qd4 h5 40. Qd6 Qg5
41. Nd7 Qd8 42. Nf6 Qb8 43. Qxc7 Qxb4 44. Ne8+ Kh6 45. Qxa7 Qc3 46. Nd6 1-0

[Event "ch-Asian Individual w"]
[Site "Mashhad IRI"]
[Date "2011.05.06"]
[Round "5.4"]
[White "Sukandar, Irine Kharisma"]
[Black "Gomes, Mary Ann"]
[Result "1/2-1/2"]
[WhiteTitle "WGM"]
[BlackTitle "WGM"]
[WhiteElo "2354"]
[BlackElo "2334"]
[WhiteFideId "7101937"]
[BlackFideId "5013623"]
[EventDate "2011.05.02"]

1. e4 c5 2. Nf3 d6 3. d4 cxd4 4. Nxd4 Nf6 5. Nc3 a6 6. Bg5 e6 7. f4 Be7 8. Qf3
Qc7 9. O-O-O h6 10. Bh4 Nbd7 11. Qg3 Rg8 12. Be2 g5 13. fxg5 Nh7 14. g6 Rxg6 15.
Nxe6 Rxe6 16. Nd5 Qc5 17. Nxe7 Rxe7 18. Rd5 Qb4 19. Bxe7 Kxe7 20. a3 Qb6 21.
Rhd1 Ne5 22. Qh4+ Nf6 23. Rxd6 Qe3+ 24. Kb1 Be6 25. Bf3 Rc8 26. R6d4 Rc4 27.
Rxc4 Nxc4 28. Qe1 Qxe1 29. Rxe1 Nd7 30. a4 Nde5 31. Kc1 Bd7 32. b3 Nd6 33. Kd2
Bc6 34. Ke3 f6 35. Kf4 Ndf7 36. Bg4 Nxg4 37. Kxg4 Ne5+ 38. Kf4 Ng6+ 39. Ke3 Ke6
40. Rd1 Ke5 41. Rd8 h5 42. Rg8 Nf4 43. g4 hxg4 44. Rxg4 Nh3 45. c4 Ng5 46. b4
Bxa4 47. h4 Bd7 48. Rg1 Nxe4 49. Rg7 Be6 50. Rxb7 Nd6 51. Rc7 Nxc4+ 52. Kd3 Nd6
53. h5 Nf5 54. Rc5+ Kd6 55. Ke4 Nh6 56. Ra5 Bc8 57. Kf4 Ke6 58. Ra1 Kf7 59. Rc1
Bg4 60. Rc7+ Kg8 61. Rc6 Bxh5 62. Rxf6 Nf7 63. Rxa6 Be2 64. Ra5 Kg7 65. b5 Bxb5
66. Rxb5 Kf6 67. Rb6+ Ke7 68. Kf5 Nd6+ 69. Kf4 Ke6 70. Ra6 Kd5 71. Ra5+ Kd4 72.
Ra1 Kd5 73. Rd1+ Ke6 74. Rd4 Nf7 75. Ra4 Nd6 76. Ra5 Nc4 77. Rc5 Nd6 78. Rh5 Nc4
79. Rc5 Nd6 80. Re5+ Kf6 81. Re1 Nf5 82. Rd1 Ke6 1/2-1/2

[Event "ch-Asian Individual w"]
[Site "Mashhad IRI"]
[Date "2011.05.06"]
[Round "5.5"]
[White "Karavade, Eesha"]
[Black "Hoang, Thi Bao Tram"]
[Result "1-0"]
[WhiteTitle "IM"]
[BlackTitle "WGM"]
[WhiteElo "2330"]
[BlackElo "2311"]
[WhiteFideId "5012600"]
[BlackFideId "12401102"]
[EventDate "2011.05.02"]

1. Nf3 Nf6 2. c4 c6 3. g3 d5 4. Bg2 Bf5 5. cxd5 cxd5 6. Qb3 Qc8 7. Nc3 e6 8. d3
Nc6 9. O-O Be7 10. Bf4 O-O 11. Rac1 Qd7 12. Rfd1 Bg4 13. Ne5 Nxe5 14. Bxe5 Rfc8
15. h3 Bh5 16. g4 Bg6 17. e4 d4 18. Ne2 Bc5 19. Rc4 b5 20. Rc2 Bb6 21. Rdc1 Rxc2
22. Qxc2 Rd8 23. Qb3 Ne8 24. Nf4 Nd6 25. Nxg6 hxg6 26. Bxd6 Qxd6 27. Qxb5 Qf4
28. Rc2 Bc7 29. Qb7 Bb8 30. b4 Kh7 31. b5 Rf8 32. Qe7 Qd6 33. Qxd6 Bxd6 34. Rc4
e5 35. Rc6 Rd8 36. Bf3 Rd7 37. a4 Bb4 38. Bd1 g5 39. Bb3 g6 40. Bc4 Kg7 41. Ra6
Bc5 42. Bd5 Rd6 43. Bc6 Kf8 44. a5 Ke7 45. Kf1 Rd8 46. b6 axb6 47. axb6 Rb8 48.
b7 Bd6 49. Ra8 Rd8 50. Rc8 Bb8 51. Ke2 Ba7 52. f3 Rd6 53. Ra8 1-0

[Event "ch-Asian Individual w"]
[Site "Mashhad IRI"]
[Date "2011.05.06"]
[Round "5.6"]
[White "Nguyen, Thi Thanh An"]
[Black "Padmini, Rout"]
[Result "1-0"]
[WhiteTitle "WGM"]
[BlackTitle "WGM"]
[WhiteElo "2349"]
[BlackElo "2342"]
[WhiteFideId "12400300"]
[BlackFideId "5029295"]
[EventDate "2011.05.02"]

1. d4 Nf6 2. c4 g6 3. Nc3 d5 4. cxd5 Nxd5 5. Bd2 Bg7 6. e4 Nb6 7. Be3 O-O 8. h3
e5 9. Nf3 exd4 10. Bxd4 Nc6 11. Bxg7 Kxg7 12. Bb5 Qxd1+ 13. Rxd1 Ne7 14. O-O c6
15. Be2 Re8 16. Nd4 f5 17. Rfe1 h6 18. Bf1 f4 19. a4 a5 20. Nb3 Nd7 21. Ne2 g5
22. Ned4 Ne5 23. Nc5 Kf6 24. Be2 b6 25. Nd3 N7g6 26. Bh5 Rd8 27. Bxg6 Rxd4 28.
Nxe5 Rxd1 29. Rxd1 Kxe5 30. Rd8 Bb7 31. Rd7 Ba6 32. Bf5 Bc4 33. Rc7 Kd6 34. Rh7
Rd8 35. Rxh6+ Kc5 36. Rg6 Rd1+ 37. Kh2 Rd2 38. Rxg5 Rxf2 39. h4 Kb4 40. h5 Rxb2
41. h6 Rd2 42. h7 Rd8 43. e5 Rh8 44. Rg7 b5 1-0

[Event "ch-Asian Individual w"]
[Site "Mashhad IRI"]
[Date "2011.05.06"]
[Round "5.7"]
[White "Asgarizadeh, Minoo"]
[Black "Nguyen, Thi Mai Hung"]
[Result "1/2-1/2"]
[BlackTitle "WIM"]
[WhiteElo "2029"]
[BlackElo "2320"]
[WhiteFideId "12512230"]
[BlackFideId "12401676"]
[EventDate "2011.05.02"]

1. e4 c5 2. Nf3 g6 3. d4 cxd4 4. Nxd4 Nc6 5. Nc3 Bg7 6. Be3 Nf6 7. Bc4 O-O 8.
Bb3 a5 9. O-O d6 10. Ndb5 a4 11. Nxa4 Nxe4 12. Qe2 Nf6 13. c4 Bf5 14. Rfd1 Ng4
15. Bb6 Qc8 16. h3 Nge5 17. f4 Nd7 18. Be3 Re8 19. Rac1 Be6 20. Nac3 Nc5 21. Bc2
Ra6 22. a3 Nd7 23. Bd3 Nf6 24. Qf3 Rd8 25. Nd5 Ne8 26. Rc2 Bf5 27. Na7 Qd7 28.
Bxf5 gxf5 29. Nb5 e6 30. Ndc3 Qe7 31. Rcd2 Na5 32. c5 d5 33. Re2 Nb3 34. Bf2 d4
35. Nd5 Qxc5 36. Qxb3 Rxd5 37. a4 Ra8 38. Rc2 Qb6 39. Rcd2 Rad8 40. Qg3 Kf8 41.
Qa3+ Kg8 42. Qg3 Kh8 43. Qa3 Nc7 44. Nxd4 Bxd4 45. Rxd4 Qd6 46. Rxd5 Nxd5 47.
Bd4+ Kg8 48. Qg3+ Kf8 49. Qg7+ Ke8 50. Qg8+ 1/2-1/2

[Event "ch-Asian Individual w"]
[Site "Mashhad IRI"]
[Date "2011.05.06"]
[Round "5.8"]
[White "Nakhbayeva, Guliskhan"]
[Black "Khademalsharieh, Sarasadat"]
[Result "1/2-1/2"]
[WhiteTitle "WIM"]
[BlackTitle "WFM"]
[WhiteElo "2207"]
[BlackElo "2137"]
[WhiteFideId "13704788"]
[BlackFideId "12512214"]
[EventDate "2011.05.02"]

1. d4 Nf6 2. c4 e6 3. Nc3 Bb4 4. e3 c5 5. Ne2 d5 6. a3 Bxc3+ 7. Nxc3 b6 8. cxd5
exd5 9. Be2 O-O 10. O-O Ba6 11. b3 Bxe2 12. Nxe2 Qd6 13. Bb2 Nbd7 14. Rc1 Rac8
15. Qd3 c4 16. bxc4 dxc4 17. Qc2 Rfe8 18. Ng3 Nd5 19. Rcd1 b5 20. Bc1 a5 21. e4
Ne7 22. e5 Qg6 23. Qc3 Qb6 24. Bd2 b4 25. axb4 axb4 26. Qxb4 Qxb4 27. Bxb4 Nd5
28. Bd2 c3 29. Bc1 Rc6 30. f4 N7b6 31. Ne4 Ra8 32. Kf2 Ra2+ 33. Kf3 Na4 34. Nf2
Rb6 35. Ke4 c2 36. Rde1 Nac3+ 37. Kd3 Rc6 38. f5 Nb4+ 39. Kd2 Rc4 40. e6 Kf8 41.
Re5 Ncd5 42. Re4 Nc6 43. Kd3 Rc3+ 44. Kd2 Rc4 45. Kd3 1/2-1/2

[Event "ch-Asian Individual w"]
[Site "Mashhad IRI"]
[Date "2011.05.06"]
[Round "5.9"]
[White "Tan, Zhongyi"]
[Black "Hejazipour, Mitra"]
[Result "1-0"]
[WhiteTitle "WGM"]
[BlackTitle "WIM"]
[WhiteElo "2428"]
[BlackElo "2240"]
[WhiteFideId "8603642"]
[BlackFideId "12505951"]
[EventDate "2011.05.02"]

1. d4 Nf6 2. c4 e6 3. Nf3 b6 4. Nc3 Bb7 5. Bg5 Bb4 6. e3 h6 7. Bh4 O-O 8. Bd3 c5
9. O-O cxd4 10. exd4 Be7 11. Qe2 d6 12. Rfe1 Re8 13. d5 e5 14. Nd4 Bf8 15. Ne4
g5 16. Bg3 Nbd7 17. Nc6 Qc7 18. h4 g4 19. h5 Bg7 20. Bh4 Nxh5 21. Qxg4 Nf4 22.
Re3 Ng6 23. Nc3 Bxc6 24. dxc6 Ndf8 25. Be4 Qc8 26. Qxc8 Raxc8 27. g3 a6 28. Na4
Nxh4 29. gxh4 b5 30. cxb5 axb5 31. Nc3 b4 32. Nb5 Red8 33. Rd3 f5 34. Bd5+ Kh8
35. c7 Rd7 36. Rc1 e4 37. Rb3 Be5 38. Bb7 Rg7+ 39. Kh1 Rcxc7 40. Rxc7 Rg4 41.
Rf7 Ng6 42. Rxf5 Nxh4 43. Rf8+ Kg7 44. Rd8 Kf6 45. Rxd6+ Ke7 46. Rxh6 Nf3 47.
Rxf3 exf3 48. Bxf3 Rc4 49. Kg2 Rc5 50. Na7 1-0

[Event "ch-Asian Individual w"]
[Site "Mashhad IRI"]
[Date "2011.05.06"]
[Round "5.10"]
[White "Pourkashiyan, Atousa"]
[Black "Soumya, Swaminathan"]
[Result "1/2-1/2"]
[WhiteTitle "WGM"]
[BlackTitle "WGM"]
[WhiteElo "2371"]
[BlackElo "2368"]
[WhiteFideId "12502014"]
[BlackFideId "5016193"]
[EventDate "2011.05.02"]

1. e4 c6 2. d4 d5 3. Nd2 dxe4 4. Nxe4 Bf5 5. Ng3 Bg6 6. h4 h6 7. Nf3 Nd7 8. h5
Bh7 9. Bd3 Bxd3 10. Qxd3 e6 11. Bd2 Ngf6 12. O-O-O Be7 13. Qe2 c5 14. Rhe1 O-O
15. Nf5 cxd4 16. Nxe7+ Qxe7 17. Nxd4 Rfd8 18. g4 Nc5 19. c3 Nce4 20. Kb1 Qc7 21.
f3 Nxd2+ 22. Rxd2 Rac8 23. Red1 a6 24. Rd3 Kh8 25. Qd2 Nd5 26. Ne2 Rf8 27. f4 b5
28. g5 hxg5 29. fxg5 Qh2 30. h6 gxh6 31. gxh6 f6 32. Qe1 Rg8 33. Nd4 Nf4 34.
R3d2 Qh5 35. Ka1 Rcd8 36. a3 Rd6 37. Qe4 Qe5 38. Qf3 Qg5 39. Qe4 Qe5 40. Qb7 Rd5
41. Qxa6 Rgd8 42. Nf3 Qh5 43. Rxd5 Nxd5 44. Qb7 Rg8 45. h7 Rg7 46. Qb8+ Kxh7 47.
Rd3 Qf5 48. Qh2+ Kg8 49. Qb8+ Kh7 50. Qh2+ Kg8 51. Qb8+ 1/2-1/2

[Event "ch-Asian Individual w"]
[Site "Mashhad IRI"]
[Date "2011.05.06"]
[Round "5.11"]
[White "Ghader Pour, Shayesteh"]
[Black "Hamrakulova, Yulduz"]
[Result "1/2-1/2"]
[WhiteTitle "WIM"]
[BlackTitle "WIM"]
[WhiteElo "2241"]
[BlackElo "2210"]
[WhiteFideId "12500747"]
[BlackFideId "14201151"]
[EventDate "2011.05.02"]

1. e4 e5 2. Nf3 Nf6 3. Nxe5 d6 4. Nf3 Nxe4 5. d4 d5 6. Bd3 Nc6 7. O-O Be7 8. c4
Nb4 9. Be2 O-O 10. Nc3 Bf5 11. a3 Nxc3 12. bxc3 Nc6 13. Re1 Re8 14. h3 h6 15.
Be3 Na5 16. Nd2 c6 17. cxd5 cxd5 18. c4 dxc4 19. Nxc4 Bf6 20. Qa4 Nxc4 21. Bxc4
a6 22. Qb3 Qd7 23. a4 Be4 24. Rac1 Rad8 25. a5 Bd5 26. Red1 Bxc4 27. Rxc4 Qd5
28. Rb4 Qxa5 29. Rxb7 Qd5 30. Qxd5 Rxd5 31. Rb4 Rc8 32. Kf1 Rc2 33. Ra1 a5 34.
Rba4 Kf8 35. R1a2 Rxa2 36. Rxa2 1/2-1/2

[Event "ch-Asian Individual w"]
[Site "Mashhad IRI"]
[Date "2011.05.06"]
[Round "5.12"]
[White "Hakimifard, Ghazal"]
[Black "Swathi, Ghate"]
[Result "1/2-1/2"]
[WhiteTitle "WFM"]
[BlackTitle "WGM"]
[WhiteElo "2215"]
[BlackElo "2307"]
[WhiteFideId "12506540"]
[BlackFideId "5003474"]
[EventDate "2011.05.02"]

1. e4 c5 2. Nf3 e6 3. d4 cxd4 4. Nxd4 a6 5. Nc3 Qc7 6. Be2 b5 7. f4 Bb7 8. Bf3
Nc6 9. Nb3 d6 10. O-O Nf6 11. Qe2 Nd7 12. Bd2 Be7 13. Rfe1 O-O 14. Kh1 Bf6 15.
Qf2 b4 16. Na4 a5 17. c4 bxc3 18. bxc3 Ba6 19. Be2 Bxe2 20. Rxe2 Rfb8 21. Be3
Nd8 22. Bd4 e5 23. fxe5 Bxe5 24. Nb2 f6 25. Nd3 Ne6 26. Nd2 Bxd4 27. cxd4 Qc3
28. Nf4 Nxf4 29. Qxf4 Qxd4 30. Nb3 Qe5 31. Qd2 a4 32. Nd4 Ra6 33. Qd3 Rba8 34.
Rf2 Qe8 35. Nb5 Nc5 36. Qd5+ Qf7 37. Qd1 Qb7 38. Nc3 Rb6 39. Rf1 a3 40. h3 h6 1/2-1/2

[Event "ch-Asian Individual w"]
[Site "Mashhad IRI"]
[Date "2011.05.06"]
[Round "5.13"]
[White "Ghaderi, Farzaneh"]
[Black "Nodirjanova, Nodira"]
[Result "0-1"]
[WhiteElo "1716"]
[BlackElo "2171"]
[WhiteFideId "12534510"]
[BlackFideId "14201232"]
[EventDate "2011.05.02"]

1. d4 d5 2. c4 dxc4 3. e3 e5 4. d5 Nf6 5. Bxc4 Bd6 6. Ne2 a6 7. a4 O-O 8. Nbc3
e4 9. Ng3 Qe7 10. Nce2 Bxg3 11. hxg3 Qb4+ 12. Bd2 Qxc4 13. Nf4 Bg4 14. f3 Bd7
15. Bc3 Qc5 16. Qd2 Qd6 17. Bb4 c5 18. dxc6 Qxd2+ 19. Kxd2 Bxc6 20. Bxf8 Kxf8
21. Ke2 Nbd7 22. Nh3 Nc5 23. a5 Bb5+ 24. Kd1 Nb3 25. Ra3 Rc8 26. Rxb3 Ba4 27.
Kd2 Bxb3 28. Rc1 Rxc1 29. Kxc1 Bc4 30. Nf2 Bf1 31. fxe4 Bxg2 32. e5 Ne4 33. Nd3 0-1

[Event "ch-Asian Individual w"]
[Site "Mashhad IRI"]
[Date "2011.05.06"]
[Round "5.14"]
[White "Alavi, Homa"]
[Black "Vardkar, Mariam"]
[Result "1-0"]
[WhiteElo "2008"]
[BlackElo "1886"]
[WhiteFideId "12507547"]
[BlackFideId "12508322"]
[EventDate "2011.05.02"]

1. d4 d5 2. c4 e6 3. Nc3 c6 4. e3 Nf6 5. Qc2 Nbd7 6. Nf3 Bd6 7. Be2 dxc4 8. Bxc4
Qe7 9. e4 e5 10. d5 cxd5 11. exd5 O-O 12. O-O Nb6 13. Bb3 Bg4 14. Nd2 Rac8 15.
Qd3 Nfd7 16. Nde4 Nc5 17. Nxc5 Rxc5 18. Be3 Rcc8 19. Rfe1 Qh4 20. Ne4 Bb4 21.
Bd2 Bxd2 22. Nxd2 Qh5 23. Qg3 Rfe8 24. Ne4 Qg6 25. h3 f5 26. Nc3 Bh5 27. Qxg6
Bxg6 28. Nb5 Rc5 29. Nd6 Re7 30. Rac1 Rxc1 31. Rxc1 Rd7 32. Nc8 Nxc8 33. Rxc8+
Kf7 34. Ba4 Rd6 35. Rc7+ Kf6 36. Rxb7 a6 37. Bc6 Bf7 38. Ra7 Bxd5 39. Bxd5 Rxd5
40. Rxa6+ Kg5 41. Kf1 Rd2 42. Rb6 e4 43. a4 f4 44. Rb5+ Kf6 45. Rb3 Ke5 46. a5
Kd4 47. a6 e3 48. fxe3+ fxe3 49. a7 1-0